UBT Library

Classic questions and contemporary film : (Record no. 44920)

000 -LEADER
fixed length control field 00929cam a2200253 i 4500
001 - CONTROL NUMBER
control field 18653926
005 - DATE AND TIME OF LATEST TRANSACTION
control field 20180313100250.0
008 - FIXED-LENGTH DATA ELEMENTS--GENERAL INFORMATION
fixed length control field 150609s2016 enk b 001 0 eng c
010 ## - LIBRARY OF CONGRESS CONTROL NUMBER
LC control number 2015019090
020 ## - INTERNATIONAL STANDARD BOOK NUMBER
International Standard Book Number 9781118585603 (pbk.)
040 ## - CATALOGING SOURCE
Original cataloging agency WaSeSS/DLC
Language of cataloging eng
Transcribing agency WaSeSS
Description conventions rda
Modifying agency DLC
041 ## - LANGUAGE CODE
Language code of text/sound track or separate title eng
042 ## - AUTHENTICATION CODE
Authentication code pcc
080 ## - UNIVERSAL DECIMAL CLASSIFICATION NUMBER
Universal Decimal Classification number 100 KOW
082 00 - DEWEY DECIMAL CLASSIFICATION NUMBER
Classification number 100 KOW
Edition number 23
100 1# - Rafti
Rafti 24
101 ## - Shkurtesa
Shkurtesa FIL
245 10 - TITLE STATEMENT
Title Classic questions and contemporary film :
Statement of responsibility, etc Dean Kowalski.
504 ## - BIBLIOGRAPHY, ETC. NOTE
Bibliography, etc Includes bibliographical references and index.
776 08 - ADDITIONAL PHYSICAL FORM ENTRY
Display text Online version:
Main entry heading Kowalski, Dean A., author.
Title Classic questions and contemporary film
Edition Second edition.
Place, publisher, and date of publication Chichester, UK ; Malden, MA : John Wiley & Sons, 2015
International Standard Book Number 9781118585610
Record control number (DLC) 2015024506
906 ## - LOCAL DATA ELEMENT F, LDF (RLIN)
a 7
b cbc
c orignew
d 1
e ecip
f 20
g y-gencatlg
942 ## - ADDED ENTRY ELEMENTS (KOHA)
Source of classification or shelving scheme
Item type Books
Holdings
Withdrawn status Lost status Source of classification or shelving scheme Damaged status Not for loan Collection code Permanent location Current location Shelving location Date acquired Total Checkouts Full call number Barcode Date last seen Price effective from Koha item type
          Koleksioni i përgjithshem UBT - Lipjan UBT - Lipjan Koleksioni i përgjithshem 03/13/2018   100 KOW 002-3002051 03/13/2018 03/13/2018 Books
UBT Library © 2015-2024. All rights reserved University Education for Business and Technology